Loading...
| Ancient History and Archaeology | 3 | 13.33 | 133% | 67% | 133% |
| Beliefs | 9 | 14.44 | 178% | 111% | 89% |
| British and Commonwealth History | 2 | 20.00 | 400% | 100% | 100% |
| Current Events | 3 | 20.00 | 267% | 200% | 67% |
| Fine Arts - Auditory | 8 | 12.50 | 150% | 50% | 125% |
| Fine Arts - Visual | 6 | 13.33 | 67% | 200% | 33% |
| Geography | 2 | 5.00 | 200% | 0% | 0% |
| History - American | 3 | 13.33 | 400% | 67% | 0% |
| History - European | 3 | 20.00 | 267% | 133% | 133% |
| History - World | 5 | 12.00 | 240% | 120% | 0% |
| Literature - American | 3 | 13.33 | 133% | 133% | 67% |
| Literature - British | 5 | 14.00 | 80% | 160% | 80% |
| Literature - European | 3 | 13.33 | 133% | 67% | 133% |
| Other Academic | 1 | 10.00 | 0% | 0% | 200% |
| Other Arts: Auditory | 3 | 13.33 | 267% | 67% | 67% |
| Other Arts: Visual | 3 | 6.67 | 0% | 67% | 67% |
| Other Science: Computer Science | 2 | 10.00 | 200% | 100% | 0% |
| Other Science: Earth Science | 1 | 10.00 | 0% | 200% | 0% |
| Other Science: Math | 1 | 20.00 | 0% | 200% | 200% |
| Philosophy | 4 | 12.50 | 200% | 100% | 50% |
| Science - Physics | 3 | 10.00 | 133% | 0% | 133% |
| Social Science | 5 | 12.00 | 240% | 40% | 80% |
| World and Other Literature | 4 | 15.00 | 100% | 50% | 200% |